000 00198nam a22000857a 4500
008 170124b xxu||||| |||| 00| 0 eng d
100 _92546
_aChawla.A
245 _aMagetism
260 _aNew Delhi
_bDP
_c2010
999 _c5640
_d5640